000 00901nam a22002297a 4500
005 20240530110440.0
008 150419s2011 ua f 000 0 ara d
017 _a2011/10819
_bمصر . دار الكتب المصرية
020 _a9789774277016
040 _aEG-CaGPL
082 0 4 _221
_a303.4
_bق/أ ث
100 0 _aالسيد يسين
245 1 0 _aثورة 25 يناير بين التحول الديمقراطى و الثورة الشاملة /
_cالسيد يسين .
250 _aط1.
260 _aالقاهرة :
_bالدار المصرية اللبنانية ،
_c2011.
300 _a446 ص ؛
_c23 سم .
650 0 4 _aثورة 25 يناير .
651 0 4 _aمصر
_xتاريخ
_yالعصر الحديث
_xالثورات.
651 0 4 _aمصر
_xالاحوال الاجتماعية
_yثورة 25 يناير.
942 _2ddc
_cBK
999 _c61031
_d61031